Yearbook of Slovakia's foreign policy 2016
Na minha lista:
| Formato: | Livro |
|---|---|
| Idioma: | inglês |
| Publicado em: |
Bratislava
Research Center of the Slovak Foreign Policy Association
2017
|
| Edição: | 1st ed. |
| Assuntos: | |
| Tags: |
Sem tags, seja o primeiro a adicionar uma tag!
|
MARC
| LEADER | 00000nlm a2200000 4500 | ||
|---|---|---|---|
| 001 | 0235538 | ||
| 005 | 20240104131552.1 | ||
| 020 | |a 978-80-89356-52-2 | ||
| 041 | 0 | |a eng | |
| 044 | |a SK | ||
| 245 | 1 | 0 | |a Yearbook of Slovakia's foreign policy 2016 |
| 250 | |a 1st ed. | ||
| 264 | 1 | |a Bratislava |b Research Center of the Slovak Foreign Policy Association |c 2017 | |
| 300 | |a online [200 s.] | ||
| 610 | 2 | 0 | |a politika zahraničná |
| 610 | 2 | 0 | |a politika európska susedská |
| 610 | 2 | 0 | |a vzťahy zahraničné |
| 610 | 2 | 0 | |a Európska únia |
| 610 | 2 | 0 | |a Vyšehradská štvorka |
| 610 | 2 | 0 | |a Slovensko |